Statistics for Countries that End in S - with Exceptions

Click here to take the quiz!

General Stats

  • This quiz has been taken 29 times
  • The average score is 4 of 5

Answer Stats

HintAnswer% Correct
EuropeNetherlands
89%
AsiaLaos
79%
EuropeBelarus
71%
AmericasHonduras
71%
AsiaUnited Arab Emirates
50%

Score Distribution

Percentile by Number Answered

Percent of People with Each Score

Your Score History

You have not taken this quiz